[Event "EIWCC 2017"]
[Site "Riga"]
[Date "2017.04.12"]
[Round "2"]
[White "Dzagnidze, Nana"]
[Black "Babiy, Olga"]
[Result "1-0"]
[WhiteElo "2528"]
[BlackElo "2359"]
[Annotator "TA"]
[PlyCount "129"]
[EventDate "2017.??.??"]
[EventType "swiss"]
[EventCountry "LAT"]
[SourceTitle "playchess.com"]
[Source "ChessBase"]
[SourceQuality "1"]

{[%evp 28,129,32,35,47,20,38,17,18,16,25,20,29,20,37,21,14,12,16,0,22,0,26,-52,50,-4,-6,-8,7,4,8,12,0,-187,30,28,37,9,33,0,0,5,89,12,33,20,214,108,100,88,122,105,207,206,246,245,239,228,242,253,289,277,305,312,308,299,381,377,368,279,410,403,381,364,396,370,446,446,492,493,547,519,976,468,769,757,746,743,733,704,718,660,1552,1520,1317,1308,4627,2350,2134,2115,29979,29980,29979,29980]} 1. c4 Nf6 2. Nf3 c5 3. g3 b6 4. Bg2 Bb7 5. O-O e6 6. b3 Be7 7. Bb2 O-O 8. d4 cxd4 9. Qxd4 d6 10. Nc3 a6 11. Rfd1 Nbd7 12. e4 Qc8 13. Qe3 {A30: Symmetrical English: Double Fianchetto and Hedgehog} Re8 14. h3 Qc7 15. Rac1 {LiveBook: 7 Games. White is slightly better.} Rac8 16. Nd4 Qb8 17. Re1 Bf8 18. Rcd1 Ba8 19. Qd3 $146 (19. Re2 Rc7 20. Red2 Rec8 21. Ba1 Rc5 {½-½ (20) Petrosian,T (2645)-Andersson,U (2565) Milan 1975}) 19... Red8 20. Qe2 Re8 21. Kh2 g6 22. f4 Bg7 23. Rd2 Bh6 24. Rc2 Nh5 25. Nf3 (25. Qd1 $11) 25... d5 (25... b5 $15) 26. e5 (26. cxd5 Nxg3 27. Kxg3 Bxf4+ 28. Kf2 exd5 $11) (26. exd5 $14 Nxg3 27. Kxg3 Bxf4+ 28. Kf2) 26... dxc4 $11 27. bxc4 Nc5 28. Ba3 Red8 29. Bxc5 Rxc5 30. Rb1 $2 (30. Ne4 $11 {and White has nothing to worry.} Ra5 31. Rb1) 30... Bc6 $2 (30... Nxg3 $1 $19 31. Kxg3 Bxf4+ 32. Kf2 (32. Kxf4 $2 Bxf3 33. Kxf3 Rxe5 $19) 32... Bxf3 33. Qxf3 Qxe5) 31. Ne4 Bxe4 32. Qxe4 Qc7 33. Rd2 Rxd2 34. Nxd2 b5 {[#]} (34... Ra5 $11) 35. Qa8+ ({White should try} 35. a4 $1 $16) 35... Kg7 36. Ne4 $36 {[%mdl 2048] White is more active.} Nxf4 $2 {[#]} (36... Rxc4 $11 {and Black is okay.} 37. Nd6 (37. Qxa6 Rxe4 38. Bxe4 Qc4 $17) 37... Qc5) 37. Nxc5 ({Weaker is} 37. gxf4 Bxf4+ 38. Kh1 Rxc4 $17) (37. Nd6 $1 $18 {[%cal Rd6e8] Ne8+ would kill now.} Qe7 38. Ne8+ (38. gxf4 Bxf4+ 39. Kh1 Rxe5 40. Ne8+ Kh6 $14) (38. cxb5 Rxe5 39. Ne8+ Kf8 $16) (38. Qxa6 Nxg2 39. Kxg2 Rxe5 $11) 38... Kh8 39. Nf6+ (39. gxf4 Bxf4+ 40. Kh1 Bxe5 $11) 39... Qf8 40. Qxf8+ (40. gxf4 Bxf4+ 41. Kh1 Qxa8 42. Bxa8 Rxc4 $15) 40... Bxf8 41. cxb5 (41. gxf4 Rxc4 42. Kg3 Rc2 $16)) 37... Qxc5 $16 38. gxf4 Bxf4+ 39. Kh1 {And now cxb5 would win.} Qxc4 (39... bxc4 $16 40. Qf3 (40. Qxa6 c3 41. Rf1 c2 $19) 40... g5) 40. Rf1 $18 g5 41. Qxa6 Bxe5 42. Qa7 Bf4 43. Qf2 Qd3 44. Qb2+ Kg8 45. Qb3 Qe2 46. a3 e5 47. Rb1 Qf2 48. Qf3 ({And not} 48. Qxb5 Qg3 49. Kg1 Be3+ 50. Kh1 Bf4 51. Qb8+ Kg7 $11) 48... Qc5 (48... Qd2 $142 49. Qd1 Qe3) 49. Qd3 Qf2 50. Rb3 g4 51. Qf1 Qh4 52. Qxb5 Kg7 53. Qe2 h5 54. a4 Bg3 (54... Qd8 $142 55. hxg4 h4) 55. Qe4 (55. a5 $142 gxh3 56. Bf1) 55... Bf4 (55... gxh3 $142 56. Bf3 Bf4) 56. a5 Qd8 57. Qe1 Qd6 58. Qa1 Qa6 59. Ra3 f6 60. Qf1 Qd6 61. Rd3 Qb8 62. a6 {[%cal Ba5a6,Ba6a7][%mdl 32]} Qa7 63. Ra3 Kh6 64. Qg1 Qe7 65. a7 1-0

[Event "EIWCC 2017"]
[Site "Riga"]
[Date "2017.04.12"]
[Round "2"]
[White "Batsiashvili, Nino"]
[Black "Brunello, Marina"]
[Result "0-1"]
[WhiteElo "2496"]
[BlackElo "2354"]
[Annotator "TA"]
[PlyCount "136"]
[EventDate "2017.??.??"]
[EventType "swiss"]
[EventCountry "LAT"]
[SourceTitle "playchess.com"]
[Source "ChessBase"]
[SourceQuality "1"]

{[%evp 17,136,8,15,7,14,14,12,9,20,-31,-39,-34,-31,-112,6,-23,18,23,52,41,69,78,60,72,74,52,90,89,93,91,123,95,60,107,120,114,91,93,179,56,56,0,35,52,12,27,85,75,79,44,14,0,0,0,0,0,0,0,0,0,0,0,0,-117,-112,-111,-107,-237,-237,-236,-229,-236,-239,-245,-249,-183,-140,-140,-63,-73,0,-130,-147,-141,-113,-113,-113,-106,-99,-86,-46,-48,-43,-100,-122,-102,-94,-684,-671,-1010,-985,-931,-910,-6095,-6076,-29975,-1904,-29983,-29984,-29984,-29985,-29985,-29986,-29986,-29987,-29987,-29988,-29988,-29989,-29989,-29990]} 1. d4 d5 2. c4 c6 3. Nf3 Nf6 4. Qc2 dxc4 5. Qxc4 Bg4 6. Nbd2 Nbd7 {D23: Queen's Gambit Accepted: 3 Nf3 Nf6 sidelines} 7. g3 e6 8. Bg2 Be7 9. O-O O-O {LiveBook: 196 Games} 10. Qb3 b5 $146 (10... Qb6 11. Nc4 Qa6 12. Bg5 Rad8 13. e3 h6 14. Bxf6 Bxf6 {1-0 (45) Bu,X (2723)-Artemiev,V (2669) Sochi 2016}) 11. h3 Bh5 12. a4 a6 13. e4 (13. g4 $11 Bg6 14. Nh4) 13... Qb6 $15 14. Qe3 c5 15. d5 ({Better is} 15. axb5 $15 axb5 16. Rxa8 Rxa8 17. Nb3 (17. g4 Bg6 18. g5 Nh5 $17)) 15... Rae8 (15... exd5 $17 16. e5 Ne8) 16. dxe6 $11 fxe6 17. b3 Rc8 18. Bb2 Qb8 19. axb5 axb5 20. Ra6 e5 21. Rfa1 Bd6 22. Qd3 Bc7 23. Qe2 h6 24. g4 Bf7 25. Nh4 Rfe8 26. Nf5 Bb6 27. Bc3 Kh7 (27... c4 $16) 28. Kh1 ({Much less strong is} 28. Qxb5 $6 c4 29. Rxb6 (29. bxc4 Bxc4 30. Qxc4 Rxc4 31. Nxc4 Bc5 $11) 29... Nxb6 $14) (28. g5 $1 $18 {[%cal Rg5f6]} hxg5 29. Nf3 (29. Qxb5 c4 30. Rxb6 Qxb6 31. Qxb6 Nxb6 32. bxc4 Nxc4 $11) 29... Bxb3 30. Qd2 (30. Qxb5 c4 31. Nxg5+ Kg8 $14) (30. Nxg5+ Kg8 $16)) 28... c4 $14 29. b4 (29. bxc4 $14 Bxc4 30. Nxc4 Rxc4 31. Bd2) 29... Nf8 30. g5 hxg5 31. Nf3 Ng6 (31... Bh5 $11 {keeps the balance.}) 32. Nxg5+ $16 Kg8 33. Nxf7 Kxf7 34. Qd2 Rcd8 35. Qg5 Rd3 36. Bd2 {Hoping for Be3.} Nh7 $1 {[%cal Rh7g5]} 37. Qh5 Nf6 38. Qg5 Nh7 $1 {[%cal Rh7g5]} 39. Qh5 Nf6 40. Qe2 (40. Qg5 $11 Nh7) 40... Nf4 $1 $17 {[%cal Rf4e2]} 41. Bxf4 exf4 42. e5 (42. Re1 $17 g6 43. Nh6+ Kg7 44. Ng4) 42... Qxe5 $19 43. Qxe5 Rxe5 44. Rxb6 {Nd6+ is the strong threat.} Rxf5 45. Rb7+ Kg8 46. Bc6 Rxh3+ 47. Kg2 Rhh5 (47... Rb3 $17 48. Rb8+ Kh7 49. Rxb5 Rxb5 50. Bxb5 Rxb4) 48. Kf3 $15 Rh3+ (48... Kh8 $142 49. Be4 Nxe4 50. Kxe4 Re5+ 51. Kxf4 Rhf5+ 52. Kg3 Kh7) 49. Kg2 $17 Rb3 50. Rb8+ Kh7 51. Rxb5 Rxb5 52. Bxb5 Rxb4 {[%mdl 4096] Endgame KRB-KRN} 53. Ba6 Nd5 {Threatens to win with ...Kg6.} 54. Kf3 g5 55. Ke4 ({White should try} 55. Ra5 $15 Nc7 56. Kg4) 55... Nc7 $1 56. Bc8 {And now Ra7 would win.} Kg6 {aiming for ...Rb2.} 57. Ra7 $2 {[%mdl 8192] [#]} (57. Ke5 $17) 57... c3+ $1 $19 58. Kd3 Nb5 59. Ra6+ Kh5 60. Kc2 Rb2+ 61. Kc1 Rxf2 (61... Nd4 $142 62. Bf5 Nxf5 63. Rc6 Rxf2 64. Rxc3 f3 65. Rc5 Ne3 66. Rc8 {[#]} Rc2+ $1 {[%mdl 512]} 67. Rxc2 Nxc2 68. Kxc2 f2 69. Kc3 f1=Q 70. Kd4 g4 71. Kc3 g3 72. Kd4 g2 73. Kd5 g1=Q 74. Ke4 Qc4+ 75. Ke5 Qgc5+ 76. Kf6 Qg5#) 62. Bd7 Nd4 {[%cal Rf2f1] Black mates.} 63. Ba4 Rf1+ 64. Bd1+ f3 65. Ra4 c2 66. Rxd4 Rxd1+ 67. Rxd1 cxd1=Q+ 68. Kxd1 Kg4 0-1

[Event "EIWCC 2017"]
[Site "Riga"]
[Date "2017.04.12"]
[Round "2"]
[White "Girya, Olga"]
[Black "Makka, Ioulia"]
[Result "1-0"]
[WhiteElo "2470"]
[BlackElo "2069"]
[Annotator "TA"]
[PlyCount "105"]
[EventDate "2017.??.??"]
[EventType "swiss"]
[EventCountry "LAT"]
[SourceTitle "playchess.com"]
[Source "ChessBase"]
[SourceQuality "1"]

{[%evp 21,104,19,29,18,25,12,38,40,40,42,38,-18,47,62,68,66,68,61,65,46,44,31,29,35,14,-3,60,43,178,77,101,16,80,80,184,192,185,69,58,64,63,66,63,71,68,41,60,39,37,33,36,29,48,0,57,46,210,45,234,118,108,106,236,30,172,64,63,75,739,603,1257,999,29990,1614,29991,29985,29985,11942,29993,29990,29990,29991,29995,29994,29999]} 1. d4 Nf6 2. c4 e6 3. Nf3 b6 4. g3 Ba6 5. b3 b5 6. cxb5 Bxb5 7. Bg2 d5 8. O-O {E15: Queen's Indian: 4 g3 sidelines, 4 g3 Ba6 and 4 g3 Bb7 early deviations} Be7 9. Nc3 Ba6 10. b4 O-O 11. Rb1 Nbd7 {LiveBook: 4 Games} 12. Re1 (12. Bf4 Nh5 13. Bd2 Nhf6 14. Re1 c6 15. Bf4 Nh5 {1-0 (81) Bruzon Batista,L (2668)-Ortiz Suarez,I (2623) Merida 2014}) 12... Bb7 13. Qc2 $146 (13. Bf4 Nb6 14. Ne5 a5 15. a3 axb4 16. axb4 {½-½ (28) Rezan,S (2419)-Lenic,L (2500) Sibenik 2006}) 13... Nb6 14. Ne5 Nfd7 15. Nd3 a5 16. b5 (16. Nc5 $14 Bc8 17. a3) 16... f5 ({Black should try} 16... c5 $11) 17. Nf4 $14 Kf7 18. f3 Bf6 19. e3 {[%cal Be2e3,Be3e4][%mdl 32]} g6 20. Ba3 Re8 21. Rbd1 Nc4 22. Bc1 Ndb6 23. Qf2 Qb8 (23... c6 $11) 24. e4 Qa7 (24... c5 $14 25. exd5 (25. dxc5 Bxc3 26. Rf1 Na4 $11) 25... exd5) 25. Nh3 (25. Bf1 $18) 25... Kg8 $16 26. Bh6 (26. Bg5 $1 $16 {[%cal Rg5f6]} Bxg5 27. Nxg5) 26... dxe4 (26... c5 $11 {remains equal.}) 27. fxe4 Rad8 (27... a4 $16) 28. Bg5 $1 $18 {[%cal Rg5f6]} Nd7 29. Bf1 (29. exf5 $1 $18 Bxg2 30. fxe6 Bxh3 31. exd7 Rxe1+ 32. Rxe1 Qxd4 33. Re8+ (33. Bxf6 Qxf2+ 34. Kxf2 Rxd7 $16) 33... Kf7 34. Re7+ $1 {[%mdl 512]} (34. Rxd8 Qxf2+ 35. Kxf2 Bxg5 $11) 34... Kf8 35. Bxf6 Qxf2+ 36. Kxf2 Rxd7 37. Rxd7 Bxd7 38. Bd8) 29... Nd6 $14 30. e5 Bxg5 31. Nxg5 Nf7 32. Nxf7 Kxf7 33. Rc1 Ba8 34. Ne2 (34. Bc4 Qb7 35. d5 Nb6 $15) 34... Nb6 (34... Qb7 $6 35. Bg2 Qxb5 36. Bxa8 (36. Rxc7 Bxg2 37. Qxg2 Qb4 $14) 36... Rxa8 37. Rxc7 $16) 35. Bg2 Bxg2 36. Qxg2 Rd5 37. Rc5 Red8 ({Black should play} 37... Rxc5 $11 38. dxc5 Nc4) 38. Rec1 R8d7 $2 (38... Rxc5 $1 $14 39. Rxc5 (39. dxc5 Nd7 40. Nf4 Qa8 $14) 39... Nd7) 39. Qf2 $2 (39. g4 $1 $18) 39... Na4 $2 ({Better is} 39... Qb8 $14) 40. R5c4 (40. Rxd5 $18 Rxd5 41. Qf4) 40... Nb2 $16 41. R4c3 {Threatens to win with g4.} Rxb5 (41... Kg8 $16 {was called for.}) 42. Nf4 $2 (42. g4 $1 $18) 42... Na4 {[#]} ({Don't capture} 42... g5 $2 43. Nxe6 $1 {[%mdl 512]} Rxe5 44. Rxc7 (44. dxe5 Rd1+ 45. Kg2 Qxf2+ 46. Kxf2 Rxc1 47. Rxc1 Nd3+ 48. Ke3 Nxc1 49. Nxg5+ Kg6 $16) 44... Rxc7 45. Rxc7+ Qxc7 46. Nxc7 $18) (42... Rb7 $11 {and Black is okay.}) 43. Rc6 (43. Rb3 $1 $18 {[%cal Rb3b5]} Qb6 {[#]} 44. d5 $1 {[%mdl 512]} Qxf2+ 45. Kxf2 Rbxd5 46. Nxd5 exd5 47. Rc6) 43... Rb2 $14 44. Qe3 $36 {[%mdl 2048] White has strong initiative.} Qb8 $2 {[%mdl 8192]} (44... Qxd4 $16 45. Qxd4 Rxd4) 45. Nxe6 Rxa2 {If only Black now had time for ...Qb2....} 46. Nxc7 {Black must now prevent e6+.} Re7 47. Nd5 (47. Qh6 $142 Kg8 48. Nd5 Nc5 49. Nxe7+ Kf7 50. Qxh7+ Ke8 51. Nd5 Rg2+ 52. Kxg2 Qb2+ 53. Kh3 Qxh2+ 54. Kxh2 g5 55. Qe7#) 47... Rb7 48. e6+ Kg7 49. e7 (49. Rc7+ $142 Rxc7 50. Rxc7+ Qxc7 51. Nxc7 Nb6 52. Qe5+ Kh6 53. e7 Nc4 54. Qe6) 49... Rbb2 50. Nf4 {White mates.} Qe8 51. Rc8 Qb5 52. e8=Q {[%csl Gc8][%cal Re8f8]} Qb7 53. Qf8# 1-0

[Event "EIWCC 2017"]
[Site "Riga"]
[Date "2017.04.12"]
[Round "2"]
[White "Hoang, Thanh Trang"]
[Black "Calzetta Ruiz, Monica"]
[Result "1/2-1/2"]
[WhiteElo "2459"]
[BlackElo "2257"]
[Annotator "TA"]
[PlyCount "112"]
[EventDate "2017.??.??"]
[EventType "swiss"]
[EventCountry "LAT"]
[SourceTitle "playchess.com"]
[Source "ChessBase"]
[SourceQuality "1"]

{[%evp 24,112,8,-13,3,0,0,0,24,20,32,35,36,24,56,54,64,29,41,21,62,54,56,12,14,0,0,0,22,22,22,22,22,22,22,22,24,22,40,14,14,21,36,0,0,0,0,0,8,8,8,8,9,8,8,8,8,0,8,0,8,8,8,8,8,8,8,0,8,8,8,8,21,0,0,0,0,0,10,0,0,0,0,0,0,-4,0,0,0,-4,0]} 1. d4 Nf6 2. c4 g6 3. Nc3 Bg7 4. e4 d6 5. Be2 O-O 6. Bg5 c5 7. d5 e6 8. Qd2 exd5 9. exd5 Qb6 10. Nf3 Bf5 11. O-O {E75: King's Indian: Averbakh Variation: 6...c5 7 d5 e6} Ne4 12. Nxe4 Bxe4 13. Rae1 {LiveBook: 3 Games} Nd7 14. Bd1 $146 (14. b3 Rfe8 15. Qc1 Bxf3 16. Bxf3 Qa5 17. a4 Qb4 18. Qd1 Bc3 {½-½ (37) Kovalenko,I (2651)-Radjabov,T (2722) Baku 2016}) 14... Bxf3 15. Bxf3 Rfe8 16. b3 a5 17. Rxe8+ Rxe8 18. Re1 Ne5 19. Bd1 h6 20. Be3 Qb4 21. Kf1 Nd7 {[#] Hoping for ...Bc3.} 22. Qc1 Qc3 23. Bc2 a4 24. Re2 (24. Rd1 $5 {creates asymmetry.} axb3 25. axb3 Qe5 26. Kg1 h5 27. Bf4) 24... axb3 25. Bxb3 Qxc1+ (25... Qe5 $5 {is interesting.} 26. Kg1 Qf5 27. Qd1 Ne5 28. Bc1 Ra8) 26. Bxc1 Rxe2 27. Kxe2 $11 {[%mdl 4096] Endgame KBB-KBN} f5 28. Ba4 Ne5 29. Bb5 Kf7 30. h3 {[#] Threatens to win with f4.} Ke7 31. a4 b6 32. Ba6 Nf7 33. g4 fxg4 {The position is equal.} 34. hxg4 g5 35. f3 Be5 36. Kd3 Kf6 37. Bd2 Bd4 38. Ke4 Ne5 39. Be1 Bb2 40. Bg3 Kg6 41. Be1 Kf6 42. a5 bxa5 43. Bxa5 Ke7 44. Be1 Kf6 45. Bg3 Bd4 46. f4 gxf4 47. Bxf4 Nf7 48. Bc8 Be5 49. Bd2 Ng5+ 50. Kd3 Bd4 51. Ba5 Ke7 52. Kc2 Nf3 53. Kb3 Be3 54. Bc3 Bd4 {And now ...Bxc3 would win.} 55. Ba5 $1 Be3 56. Bc3 Bd4 1/2-1/2

[Event "EIWCC 2017"]
[Site "Riga"]
[Date "2017.04.12"]
[Round "2"]
[White "Paehtz, Elisabeth"]
[Black "Mammadzada, Gunay"]
[Result "1-0"]
[WhiteElo "2454"]
[BlackElo "2348"]
[Annotator "TA"]
[PlyCount "111"]
[EventDate "2017.??.??"]
[EventType "swiss"]
[EventCountry "LAT"]
[SourceTitle "playchess.com"]
[Source "ChessBase"]
[SourceQuality "1"]

{[%evp 17,111,20,23,26,32,29,35,29,93,90,97,92,107,78,99,71,98,109,98,112,98,112,210,52,206,168,162,136,234,212,212,178,252,256,275,263,281,307,335,333,378,367,358,346,398,430,435,425,427,403,442,419,570,536,615,546,616,621,608,554,581,446,366,328,429,282,266,250,554,502,743,236,1037,119,130,138,122,115,138,141,141,139,124,110,226,98,312,278,1492,1447,1408,1373,1136,1187,1458,1380]} 1. e4 c5 2. Nf3 d6 3. d4 cxd4 4. Nxd4 Nf6 5. Nc3 a6 6. Bg5 e6 7. f4 Nbd7 8. Qe2 Qc7 9. O-O-O b5 10. a3 {B96: Sicilian Najdorf: 6 Bg5 e6 7 f4, lines other than 7...Qb6 and 7...Be7} Be7 (10... Bb7 11. g4 Rc8 12. Bxf6 gxf6 13. h4 Qb6 14. Rh3 h5 15. f5 e5 16. Nb3 hxg4 17. Qxg4 b4 18. axb4 Qxb4 {1-0 (54) Kramnik,V (2808)-Gelfand,B (2743) Moscow 2016}) 11. g4 {[%cal Bg2g4,Bg4g5][%mdl 32]} Bb7 12. Bxf6 {White is slightly better.} gxf6 (12... Bxf6 $11 {remains equal.} 13. Qd2 (13. g5 Bxd4 14. Rxd4 e5 $11) 13... O-O) 13. h4 $146 (13. Kb1 Nb6 14. h4 h6 15. Rh3 Rg8 16. f5 e5 17. Nb3 {1-0 (41) Perez Candelario,M (2524)-Spirin,O (2464) Navalmoral 2010}) 13... O-O-O 14. Rh3 Kb8 15. Kb1 Rc8 16. g5 Bf8 17. f5 e5 18. Nb3 Rg8 19. Qd2 Qd8 (19... Be7 $16) 20. Rg3 $2 (20. a4 $1 $18) 20... Be7 $2 ({Better is} 20... fxg5 $1 $14 21. hxg5 Nf6) 21. Nd5 fxg5 22. Na5 $1 (22. Nxe7 $6 Qxe7 23. hxg5 (23. Qxd6+ Qxd6 24. Rxd6 gxh4 25. Rxg8 Rxg8 26. Rxd7 Rg1 $11) 23... Bxe4 $11) 22... Nc5 (22... Bxd5 $16 {is a better defense.} 23. exd5 Nc5) 23. Nxb7 $18 Kxb7 24. Qg2 (24. Nxe7 Qxe7 25. hxg5 (25. Rxg5 Ka7 $14) 25... h6) 24... h6 {[#]} (24... g4 $142) 25. f6 $1 {[%mdl 512]} Bf8 (25... Bxf6 26. Qf3) 26. hxg5 hxg5 27. Rxg5 Rxg5 28. Qxg5 Ne6 29. Qh5 Qe8 30. Bh3 Rc4 31. Bxe6 Qxe6 32. Qh8 Rc8 33. Qh7 a5 34. Rd3 Kb8 35. Rb3 Rc5 36. Qg8 Qe8 37. Rh3 Rc8 38. c3 b4 39. axb4 axb4 40. Nxb4 (40. cxb4 Qa4 41. Nc3 (41. Qxf7 Qc2+ 42. Ka1 Qc1+ 43. Ka2 Qc4+ 44. b3 Qe2+ 45. Ka3 Qa6+ 46. Kb2 Qe2+ 47. Ka3 Qa6+ 48. Kb2 Qe2+ 49. Ka3 $11) 41... Qb3 $18) 40... Qe6 41. Rd3 Qc4 42. Qg1 Qxe4 $2 (42... Rc7 {is more resistant.} 43. Qb6+ Kc8) 43. Qb6+ Qb7 44. Qa5 $2 (44. Rxd6 Bxd6 45. Qxd6+ Ka8 $14) (44. Na6+ Ka8 45. Qa5) 44... Qa7 $2 (44... Qh1+ 45. Ka2 Qa8 46. Qxa8+ (46. Na6+ Kb7 47. Qb5+ Ka7 $18) 46... Kxa8) 45. Qxa7+ $2 (45. Na6+ $18 {is the precise move to win.} Kb7 46. Qb5+ Qb6 47. Qd7+ Rc7 48. Nxc7 Qxc7 49. Qe8) 45... Kxa7 {[%mdl 4096] Endgame KRB-KRN} 46. Rh3 Kb6 47. Rh7 Kc5 48. Rxf7 d5 49. Rd7 Bd6 50. Kc2 Rh8 {[#]} (50... e4 $16 {might work better.} 51. f7 Rf8) 51. f7 (51. Ra7 $1 $18 {[%cal Ra7a5] and the rest is easy. Ra5+ is the strong threat.} Rh2+ 52. Kb3) 51... e4 $2 {[#]} (51... Ra8 $16 52. Kd2 e4) 52. Ra7 $1 Rc8 $2 (52... Bf8 53. Ra8 (53. Ra5+ Kd6 54. Nxd5 Rh4 $18) 53... d4) 53. Ra5+ {White is clearly winning.} Kb6 54. Ra6+ ({Inferior is} 54. Rxd5 Bxb4 55. Re5 Bd6 $11) 54... Kc5 55. Kb3 e3 56. Nd3+ 1-0

[Event "EIWCC 2017"]
[Site "Riga"]
[Date "2017.04.12"]
[Round "2"]
[White "Goryachkina, Aleksandra"]
[Black "Warakomska, Anna"]
[Result "1/2-1/2"]
[WhiteElo "2452"]
[BlackElo "2343"]
[Annotator "TA"]
[PlyCount "85"]
[EventDate "2017.??.??"]
[EventType "swiss"]
[EventCountry "LAT"]
[SourceTitle "playchess.com"]
[Source "ChessBase"]
[SourceQuality "1"]

{[%evp 24,85,25,25,59,59,59,59,54,64,62,51,41,44,52,47,47,47,50,39,47,43,45,42,52,45,66,26,27,26,42,27,40,0,0,0,10,0,0,-59,0,-7,-7,-8,-9,-28,-24,-24,-31,-24,0,0,0,0,0,0,0,0,0,0,0,0,0,-12]} 1. d4 Nf6 2. c4 e6 3. Nc3 Bb4 4. Qc2 O-O 5. Nf3 c5 6. dxc5 Na6 {[%cal Bb8a6,Ba6c5,Bc5e4][%mdl 32]} 7. g3 Nxc5 8. Bg2 Nce4 9. O-O Bxc3 {E39: Nimzo-Indian: Classical: 4...c5 5 dxc5 0-0} (9... Nxc3 10. bxc3 Be7 11. Rd1 Qc7 12. Qd3 d6 13. Ba3 Rd8 14. Rab1 Rb8 15. h3 b6 16. Nd4 Bd7 17. e4 Bf8 18. g4 Ba4 {0-1 (35) Mamedyarov,S (2747)-Wojtaszek,R (2727) Huaian 2016}) 10. bxc3 Qa5 11. Nd4 d5 12. cxd5 exd5 13. c4 {LiveBook: 7 Games} Qc5 14. Bb2 Qxc4 15. Qxc4 dxc4 16. Rfc1 Bd7 17. Rxc4 Rac8 $146 18. Rac1 Nd6 19. Rxc8 Rxc8 20. Rxc8+ Bxc8 21. Ba3 Nde4 22. Bb4 b6 23. f3 Nd5 24. Be1 Nd6 25. e4 Ne3 26. Bh1 Bb7 27. Bb4 Ndc4 28. f4 a5 29. Be1 Nb2 30. Bf2 Nec4 31. Nf5 (31. Nb5 $11) 31... Kf8 (31... b5 $15) 32. Bd4 g6 33. Ne3 Nxe3 34. Bxe3 $11 {[%mdl 4096] Endgame KBB-KBN} (34. Bxb2 $5 {feels hotter.} Ke7 35. Bf3 Nc4 36. Bf6+ Kd7 37. Be2) 34... Nc4 35. Bd4 b5 36. Bg2 Nd2 37. Bc3 {The position is equal.} Nxe4 38. Bxa5 f5 39. Bb4+ Kf7 40. Bf1 Bc6 41. Bd3 Ke6 42. Kf1 Kd5 43. Bxe4+ 1/2-1/2

[Event "EIWCC 2017"]
[Site "Riga"]
[Date "2017.04.12"]
[Round "2"]
[White "Bodnaruk, Anastasia"]
[Black "Sedina, Elena"]
[Result "1/2-1/2"]
[WhiteElo "2446"]
[BlackElo "2253"]
[Annotator "TA"]
[PlyCount "76"]
[EventDate "2017.??.??"]
[EventType "swiss"]
[EventCountry "LAT"]
[SourceTitle "playchess.com"]
[Source "ChessBase"]
[SourceQuality "1"]

{[%evp 20,76,33,22,28,3,16,16,24,29,16,21,27,20,31,28,38,28,24,21,54,52,96,83,118,87,93,0,0,0,47,0,52,43,40,0,62,0,61,56,25,0,0,-188,-175,-200,-199,-197,-197,-198,-183,-195,0,-110,0,-220,0,-126,0]} 1. e4 e6 2. d4 d5 3. Nc3 Bb4 4. e5 c5 5. a3 Bxc3+ 6. bxc3 Ne7 7. Qg4 Qc7 8. Qxg7 Rg8 9. Qxh7 cxd4 10. Ne2 Nbc6 11. f4 dxc3 {C18: French: 3 Nc3 Bb4: Main line: 7 h4 and 7 Qg4} 12. h4 {[%cal Bh2h4,Bh4h5,Bh5h6,Bh6h7][%mdl 32] next h5 is good for White.} d4 13. h5 {And now h6 would win.} Bd7 $1 {The position is equal.} 14. Qd3 O-O-O 15. h6 Kb8 (15... Be8 16. Rb1 Nd5 17. Nxd4 Nxf4 18. Bxf4 Rxd4 19. Qe3 {1-0 (38) Sutovsky,E (2628)-Kovalenko,I (2684) Caleta 2017}) 16. h7 $36 {[%mdl 2048] White is more active.} Rh8 17. Rh6 Bc8 (17... Nf5 18. Rh3 $16) 18. g4 b6 19. Ng3 {[%cal Be2g3,Bg3e4,Be4g5][%mdl 32]} Bb7 $146 20. Ne4 Ng6 {[#] Hoping for ...Ncxe5!} 21. Ng5 $1 Ka8 22. Bg2 (22. Nxe6 fxe6 23. Qh3 (23. Rxg6 Qxh7 24. Bg2 Nxe5 25. fxe5 Qh4+ 26. Ke2 Qh2 $19) (23. Qxg6 $2 Nxe5 24. Qh5 Nf3+ 25. Kf2 Nd2 $19) 23... Ncxe5 24. fxe5 Qxe5+ 25. Kd1 Rdf8 $19) 22... Na5 23. Be4 Bxe4 24. Nxe4 Nc4 25. Nf2 Nb2 (25... Kb8 $11) 26. Qe4+ $1 $14 Kb8 27. Kf1 Ne7 (27... Na4 $11) 28. Rh3 (28. a4 $14) 28... Qc4+ ({Black should try} 28... Nc4 $11) 29. Qe2 Qa4 30. Ne4 Nc4 31. Rb1 $2 (31. Nf6 $11 {and White is okay.}) 31... Nd5 $19 32. Nc5 {[#]} Nd2+ $1 {[%mdl 512]} 33. Bxd2 Qxc2 34. Na6+ {[#]} Kb7 $1 {[%mdl 1024] Black has strong compensation.} 35. Nc5+ Kb8 (35... Ka8 $19 36. Qd3 (36. Qb5 $2 Rc8 37. Bc1 Rxh7 38. Rxh7 Qxh7 $19) 36... Qxd2 37. Qxd2 cxd2) 36. Na6+ $17 Kb7 (36... Ka8 $17 37. Rd1 Rxh7 38. Rxh7 Qxh7) 37. Nc5+ $1 $19 Kb8 (37... Ka8 $19 38. Qd3 (38. Qb5 $2 Rc8 39. Qd3 Qxd2 40. Qxd2 cxd2 $19) 38... Qxd2 39. Qxd2 cxd2) 38. Na6+ $17 Kb7 (38... Ka8 $17 39. Rd1 Rxh7 40. Rxh7 Qxh7) 1/2-1/2